Normal view
MARC view
- Jha, Mithilesh Kumar Choubey,Kamal Nayan editors
Entry Personal Name
001 - CONTROL NUMBER
- control field: 1756
003 - CONTROL NUMBER IDENTIFIER
- control field: OSt
005 - DATE AND TIME OF LATEST TRANSACTION
- control field: 20250919111704.0
008 - FIXED-LENGTH DATA ELEMENTS
- fixed length control field: 250919|| aca||aabn | a|a d
040 ## - CATALOGING SOURCE
- Original cataloging agency: OSt
- Transcribing agency: OSt
100 ## - HEADING--PERSONAL NAME
- Personal name: Jha, Mithilesh Kumar Choubey,Kamal Nayan editors
670 ## - SOURCE DATA FOUND
- Source citation: Work cat.: (OSt)751563: Indian politics and political processes :, , 2024
